¿Qu ̌hacer con el tierrero?

Detalles Bibliográficos
Autor principal: Gutiřrez Sann̕, Francisco
Formato: eBook
Lenguaje:español
Publicado: Bogot:̀ Editorial Universidad de Rosario (Colombia), 2018
Materias:
Acceso en línea:Acceso restringido

MARC

LEADER 00000nam a22000007a 4500
005 20181227124345.0
007 cr|||| ||||
008 181227s2018 co |||||s|||| 00||0 spa d
020 |a 978-958-784-078-0 
035 |a 22654 
040 |a vLex 
090 |c 8392  |d 8392 
100 1 |a Gutiřrez Sann̕, Francisco 
245 1 0 |a ¿Qu ̌hacer con el tierrero?  |h [Recurso electrn̤ico] /  |c Francisco Gutiřrez Sann̕ 
256 |a Servicio en ln̕ea 
260 |a Bogot:̀  |b Editorial Universidad de Rosario (Colombia),  |c 2018 
300 |a 1 recurso electrn̤ico 
500 |a El libro que el lector tiene entre manos evala︢ estos temas cruciales desde una perspectiva comparada. En particular, se pregunta de distintas maneras por las relaciones mutuas entre los legados de la guerra (Wood y Starr), las polt̕icas agrarias (Berry, Hartman, Fajardo, Moene) y territoriales (Cederman, Gonzl̀ez), y las dinm̀icas del post-conflicto, a la luz tanto de diversas experiencias internacionales como de la colombiana. Se trata de una coleccin̤ de ensayos muy poderosa y atractiva que permite analizar a la luz de la experiencia nacional e internacional algunos de los problemas relacionados con la tierra y el territorio en el post-conflicto. Varios de los textos proponen respuestas, o por lo menos sugerencias, a las preguntas planteadas arriba; otras sugieren reformularlas y plantearlas sobre terreno ms̀ sl̤ido. 
506 1 |a Disponible solo en los productos indicados  |d vLex Global  |d vLex Global (Academic Edition, excluding Law Schools)  |d vLex Global (U.S. Academic Edition, Law Schools)  |d vLex Global (U.S. Academic Edition, excluding Law Schools)  |d vLex Global (Academic Edition, Law Schools) 
650 0 4 |a Ciencias sociales  |z Colombia 
740 0 |a vLex Libros (Servicio en ln̕ea) 
856 4 0 |u http://vlex.com/source/que-hacer-con-el-tierrero-22654  |z Acceso restringido 
942 |c BOOK 
999 0 |a Social Sciences